Engineering technology /

Hlavní autor: Král, Mirko, 1933-
Korporativní autor: České vysoké učení technické v Praze. Strojní fakulta
Další autoři: Bednář, Bohumír, 1949-, Čermák, Jan, 1939-
Jazyk: Angličtina
Vydáno: Praha : Vydavatelství ČVUT, 1998
Vydání: Vyd. 1.
Témata:
Fyzický popis: 78 s. : il. ; 29 cm
Knihy
Uloženo v:
LEADER 01282nam a2200349 a 4500
001 000371089
003 CZ BrMZK
005 20210315101212.0
007 ta
008 010907s1998 xr e p 0 eng d
015 |a cnb000601394 
020 |a 80-01-01886-5 
035 |a (OCoLC)84958290 
040 |a BOA001  |b cze 
072 7 |a 621  |x Strojírenství  |2 Konspekt  |9 19 
072 7 |a 37.016  |x Učební osnovy. Vyučovací předměty. Učebnice  |2 Konspekt  |9 22 
080 |a 621.7/.9  |2 MRF 
080 |a (075.8)  |2 MRF 
100 1 |a Král, Mirko,  |d 1933-  |7 ntka173094  |4 aut 
245 1 0 |a Engineering technology /  |c Mirko Král, Bohumír Bednář, Jan Čermák 
250 |a Vyd. 1. 
260 |a Praha :  |b Vydavatelství ČVUT,  |c 1998 
300 |a 78 s. :  |b il. ;  |c 29 cm 
500 |a Určeno posl. fak. stroj. 
650 0 7 |a strojírenské technologie  |7 ph184908  |2 czenas 
655 7 |a učebnice vysokých škol  |7 fd133772  |2 czenas 
700 1 |a Bednář, Bohumír,  |d 1949-  |7 ntka172000  |4 aut 
700 1 |a Čermák, Jan,  |d 1939-  |7 jn19981002571  |4 aut 
710 2 |a České vysoké učení technické v Praze.  |b Strojní fakulta  |7 ko20010093670 
910 |a BOA001  |b 4-1051.914 
990 |a BK 
996 7 |b 2610081510  |c 4-1051.914  |l MZK  |r Sklad / do 1 hodiny  |n 3  |p p.v.  |w 000371089  |u 000010  |a 1  |e BOA001  |j MZK50  |s A